| 000 -LEADER |
| fixed length control field |
00341nam a2200109Ia 4500 |
| 008 - FIXED-LENGTH DATA ELEMENTS--GENERAL INFORMATION |
| fixed length control field |
200302s9999 xx 000 0 und d |
| 100 ## - MAIN ENTRY--PERSONAL NAME |
| Personal name |
Deo Prakash Sharma and Others |
| 245 ## - TITLE STATEMENT |
| Title |
Pre-Historic art and Archaeology of south asia series-1 Palaeolithic Age Vol. II |
| 260 ## - PUBLICATION, DISTRIBUTION, ETC. |
| Name of publisher, distributor, etc. |
Bharatiya Kala Prakahan Delhi |
| 260 ## - PUBLICATION, DISTRIBUTION, ETC. |
| Date of publication, distribution, etc. |
2005 |
| 300 ## - PHYSICAL DESCRIPTION |
| Extent |
396 P., |